000 00547nam a22001695i 4500
001 54551
003 ES-MaACL
007 t|
008 960722s1876 sp ||||1| spa d
040 _aCAM
_bspa
_cCAM
100 1 _aFrates y Sureda, Antonio.
_952388
245 1 0 _aEscenas baleares /
_cpor Antonio Frates y Sureda.
260 _aPalma :
_b[s.n.],
_c1876 (
_fImprenta y librería de Pedro José Gelabert)
300 _a331 p. ;
_c19 cm.
505 8 _aContiene: Los dos amores; Un destajo a media noche; Las mejoras
852 _aES-MaACL
_jG-10734
999 _c54551
_d54551